Skleněný klíč /

Uloženo v:
Hlavní autor: Geard, Amanda (Autor)
Další autoři: Vlčková, Jana, 1973- (Autor)
Médium: Kniha
Jazyk:Czech
Vydáno: Frýdek-Místek : Alpress, 2026
Vydání:Vydání první
Edice:Klokan (Alpress)
Témata:
Celkem bylo vypůjčeno:0x
Tagy:
Žádné tagy
LEADER 01392nam a2200397 i 4500
001 106735
003 CZ PrNK
005 20260703112113.0
007 ta
008 260519s2026 xr g 000 f cze
015 |a cnb003758765 
020 |a 9788076956773  |q (vázáno) 
040 |a BOA001  |b cze  |e rda 
041 1 |a cze  |h eng 
072 7 |a 821.111-3  |x Anglická próza, anglicky psaná  |2 Konspekt  |9 25 
080 |a 821.111-31  |2 MRF 
080 |a (0:82-31)  |2 MRF 
100 1 |a Geard, Amanda  |7 mzk20221160744  |4 aut  |9 113579 
240 1 0 |a Glass key.  |l Česky 
245 1 0 |a Skleněný klíč /  |c Amanda Geard ; z anglického originálu The glass key ... přeložila Jana Vlčková 
250 |a Vydání první 
264 1 |a Frýdek-Místek :  |b Alpress,  |c 2026 
300 |a 404 stran ;  |c 21 cm 
336 |a text  |b txt  |2 rdacontent 
337 |a bez média  |b n  |2 rdamedia 
338 |a svazek  |b nc  |2 rdacarrier 
490 1 |a Klokan 
655 7 |a anglicky psané romány  |7 fd131805  |2 czenas  |9 53412 
655 9 |a stories in English  |2 eczenas 
700 1 |a Vlčková, Jana,  |d 1973-  |7 mzk2003184700  |4 trl  |9 21792 
710 2 |a Alpress (nakladatelství)  |7 xx0213868  |4 pbl  |9 117194 
830 0 |a Klokan (Alpress) 
910 |a UOG502 
942 |2 ddc  |c KN 
999 |d 106735 
993 |0 0  |1 421180107466  |2 ddc  |4 0  |7 0  |9 100251  |b 0  |c 107466  |d 2026-07-03  |e 0  |f DOSP  |h 429.00  |i Koupě  |l DOSP  |r 2026-07-03  |t 6  |w 2026-07-03  |y KN  |z BELET  |n